000 00713nam a2200277Ia 4500
001 Z_3897
003 CHAP
008 220113s1993 xx 000 0 und d
010 _a166958
040 _cCHAP
082 _a581.1 R6
100 _aRojas Garcidueñas, Manuel
_999305
245 _aFisiología vegetal aplicada /
_cpor Manuel Rojas Garcidueñas y Magdalena Rovalo Merino
260 _aMéxico, D.F. :
_bMcGraw-Hill,
_c1993
300 _a275 p. :
_bilus. ; gráfs.
440 _a
500 _a
503 _a182601
650 _aFisiología vegetal I. Rovalo Merino, Magdalena
_9138056
901 _a581.1 R6
902 _aA
910 _a1993
942 _c1
942 _cc1
999 _c166958
_d166958